| Tag |
First Indicator |
Second Indicator |
Subfields |
| LEADER |
00000pam a2200000 a 4500 |
| 001 |
in00000091291 |
| 005 |
20150923131617.0 |
| 008 |
811022s1982 mau b s00110 eng |
| 010 |
|
|
|a 81016319
|
| 020 |
|
|
|a 0870233548
|
| 035 |
|
|
|a (OCoLC)07947256
|
| 035 |
|
|
|9 AAK6883AM
|
| 039 |
0 |
|
|a 2
|b 3
|c 3
|d 3
|e 3
|
| 040 |
|
|
|a DLC
|c DLC
|d TXA
|d UtOrBLW
|
| 049 |
|
|
|a TXAM
|c [933584]
|
| 050 |
0 |
0 |
|a BD450
|b P577 1982
|
| 082 |
0 |
|
|a 128/.4
|2 19
|
| 100 |
1 |
|
|a Pols, Edward.
|
| 245 |
1 |
4 |
|a The acts of our being :
|b a reflection on agency and responsibility /
|c Edward Pols.
|
| 264 |
|
1 |
|a Amherst :
|b University of Massachusetts Press,
|c 1982.
|
| 300 |
|
|
|a viii, 239 pages ;
|c 25 cm.
|
| 336 |
|
|
|a text
|b txt
|2 rdacontent
|
| 337 |
|
|
|a unmediated
|b n
|2 rdamedia
|
| 338 |
|
|
|a volume
|b nc
|2 rdacarrier
|
| 504 |
|
|
|a Includes bibliographical references and index.
|
| 650 |
|
0 |
|a Agent (Philosophy)
|
| 650 |
|
0 |
|a Responsibility.
|
| 650 |
|
0 |
|a Knowledge, Theory of.
|
| 999 |
|
|
|a MARS
|
| 999 |
f |
f |
|s ed86a62c-7176-32d5-b5cb-60a49857cfcd
|i bb63a30d-a234-36a8-91b4-5b5e92390a6c
|t 0
|
| 952 |
f |
f |
|p ric
|a Texas A&M University
|b Rellis Campus
|c Joint Library Facility
|d Remote Storage
|t 0
|e BD450 P577 1982
|h Library of Congress classification
|i unmediated -- volume
|m A14806008142
|
| 998 |
f |
f |
|a BD450 P577 1982
|t 0
|l Remote Storage
|